Historia de sor María de la Visitación ; y Sermón de las caídas públicas (Record no. 95002)

MARC details
000 -LEADER
campo de control de longitud fija 01011nam a2200241 i 4500
001 - NÚMERO DE CONTROL
campo de control 95002
003 - IDENTIFICADOR DE NÚMERO DE CONTROL
campo de control ES-MaACL
005 - FECHA Y HORA DE LA ÚLTIMA TRANSACCIÓN
campo de control 20250823063048.0
007 - CAMPO FIJO DE DESCRIPCIÓN FÍSICA--INFORMACIÓN GENERAL
campo de control de longitud fija t|
008 - DATOS DE LONGITUD FIJA--INFORMACIÓN GENERAL
campo de control de longitud fija 050519s1962 sp ||||1| spa d
100 0# - ENTRADA PRINCIPAL--NOMBRE DE PERSONA
Nombre de persona Luis de Granada,
Títulos y otros términos asociados al nombre (O.P.),
Fechas asociadas al nombre 1504-1588
9 (RLIN) 74687
245 10 - MENCIÓN DEL TÍTULO
Título Historia de sor María de la Visitación ; y Sermón de las caídas públicas
Resto del título : estudio preliminar de Alvaro Huerga, O.P.; prólogo de sister John Emmanuel Schuyler, S.S.J.; edición deBernardo Velado Graña.
260 ## - PUBLICACIÓN, DISTRIBUCIÓN, ETC.
Lugar de publicación, distribución, etc. Barcelona :
Nombre del editor, distribuidor, etc. Juan Flors,
Fecha de publicación, distribución, etc. 1962.
300 ## - DESCRIPCIÓN FÍSICA
Extensión X, 413 p., 1 h., 1 lám ;
Dimensiones 1962.
490 1# - MENCIÓN DE SERIE
Mención de serie Espirituales Españoles. Serie A: Textos ;
Designación de volumen o secuencia IX
600 14 - PUNTO DE ACCESO ADICIONAL DE MATERIA--NOMBRE DE PERSONA
Nombre de persona María da Visitaçao.
9 (RLIN) 156103
700 1# - ENTRADA AGREGADA--NOMBRE PERSONAL
Nombre de persona Huerga, Álvaro (
Fechas asociadas al nombre 1923-2018)
9 (RLIN) 140640
700 1# - ENTRADA AGREGADA--NOMBRE PERSONAL
Nombre de persona Schuyler, John Emmanuel.
9 (RLIN) 156104
700 1# - ENTRADA AGREGADA--NOMBRE PERSONAL
Nombre de persona Velado Graña, Bernardo,
Fechas asociadas al nombre 1922-2012
9 (RLIN) 156105
830 0# - PUNTO DE ACCESO ADICIONAL DE SERIE-TÍTULO UNIFORME
Título uniforme Espirituales Españoles. Serie A: Textos ;
Designación de volumen o secuencia IX
9 (RLIN) 183485
852 ## - LOCALIZACIÓN
Ubicación ES-MaACL
Número de control de estantería B-12289
Sublocalización o colección R.51845
Holdings
Estatus retirado Estado de pérdida Estado de daño No para préstamo Biblioteca de origen Biblioteca actual Ubicación en estantería Fecha de adquisición Fuente de adquisición Total de préstamos Signatura topográfica completa Código de barras Visto por última vez Precio de reemplazo Tipo de ítem Koha
        Biblioteca del Ateneo de Madrid Biblioteca del Ateneo de Madrid Sala Pardo Bazán 17/01/2008     B-12289 1099210 23/02/2023 23/02/2023 Libro impreso